| 000 | 00557nam a22002051 4500 | ||
|---|---|---|---|
| 001 | sa 68000665 | ||
| 003 | DLC | ||
| 005 | 20260227112426.0 | ||
| 008 | 710901s1967 ii a b 00000 eng | ||
| 010 | _asa 68000665 | ||
| 050 | 0 |
_aTJ840 _b.L3 1967 |
|
| 082 | _a621.2 | ||
| 100 | 1 | 0 | _aLal, Jagdish. |
| 245 | 1 | 0 | _aHydraulic machines (in MKS units). |
| 250 | _a[4th ed., rev. & enl.] | ||
| 260 | 0 |
_aDelhi, _bMetropolitan Book Co. _c[1967] |
|
| 300 |
_axx, 631 p. _billus. _c25 cm. |
||
| 504 | _aBibliography: p. 617-618. | ||
| 650 | 0 | _aHydraulic machinery. | |
| 999 |
_c77375 _d77375 |
||